[Event "XIV Festival A"]
[Site "Verona ITA"]
[Date "2008.01.02"]
[Round "1"]
[White "Brunello, Sabino"]
[Black "Bozzali, Ermanno"]
[Result "1-0"]
[WhiteElo "2476"]
[BlackElo "2165"]
[PlyCount "99"]
[EventDate "2008.01.02"]

1. d4 d5 2. c4 c6 3. Nf3 Nf6 4. Qb3 Qb6 5. c5 Qxb3 6. axb3 Bf5 7. Nc3 Na6 8. e4
Nb4 9. Ra4 dxe4 10. Rxb4 exf3 11. Rxb7 e5 12. Be3 exd4 13. Bxd4 O-O-O 14. Rb4
Rxd4 15. Rxd4 Bxc5 16. Rf4 Re8+ 17. Kd2 g6 18. Rxf3 Ng4 19. h3 Nxf2 20. Ba6+
Kb8 21. Re1 Rd8+ 22. Ke2 Ne4 23. Bd3 Ng5 24. Rg3 Bd6 25. Rxg5 Bxd3+ 26. Kf3 f5
27. h4 Rd7 28. h5 Be7 29. Rg3 Bh4 30. Re8+ Kc7 31. Rh3 g5 32. Rh1 g4+ 33. Kf4
Bf6 34. Ra1 Kb7 35. Na4 Rd4+ 36. Kg3 Rd5 37. Rd1 Kc7 38. Nc3 Rd7 39. Ne2 Bc2
40. Rxd7+ Kxd7 41. Ra8 Bxb2 42. Rxa7+ Kd6 43. Nf4 Be5 44. b4 Bc3 45. Rxh7 Be1+
46. Kh2 Bxb4 47. h6 Bb3 48. Ra7 Ke5 49. Ne2 g3+ 50. Kh1 1-0

[Event "XIV Festival A"]
[Site "Verona ITA"]
[Date "2008.01.02"]
[Round "1"]
[White "Gagliardi, Christian"]
[Black "Sanchez, Joseph"]
[Result "0-1"]
[WhiteElo "2186"]
[BlackElo "2492"]
[PlyCount "86"]
[EventDate "2008.01.02"]

1. e4 d5 2. exd5 Nf6 3. d4 Nxd5 4. c4 Nb6 5. Nc3 e5 6. Nf3 Bg4 7. Be2 Nc6 8.
Be3 Bxf3 9. Bxf3 exd4 10. Bxc6+ bxc6 11. Qxd4 Qxd4 12. Bxd4 c5 13. Be3 Nxc4 14.
O-O-O Bd6 15. Rhe1 O-O-O 16. Kc2 Rhe8 17. Bc1 Kb7 18. h3 Kc6 19. Ne4 Nb6 20.
Nd2 a5 21. b3 a4 22. Nc4 axb3+ 23. axb3 Rxe1 24. Rxe1 Nd5 25. Bd2 f6 26. Ra1
Re8 27. Kd3 Bf4 28. g3 Bxd2 29. Kxd2 Nb4 30. Nb2 Rd8+ 31. Kc3 Nd5+ 32. Kc2 Re8
33. Kd2 Nb6 34. Nc4 Re4 35. Nb2 f5 36. Rc1 Kb5 37. Nd3 c4 38. bxc4+ Nxc4+ 39.
Kc3 c5 40. Rb1+ Kc6 41. f3 Na3 42. Rb8 Re3 43. Ra8 c4 0-1

[Event "XIV Festival A"]
[Site "Verona ITA"]
[Date "2008.01.03"]
[Round "2"]
[White "Dvirnyy, Danyyil"]
[Black "Adly, Ahmed"]
[Result "0-1"]
[WhiteElo "2326"]
[BlackElo "2551"]
[PlyCount "88"]
[EventDate "2008.01.02"]

1. e4 c5 2. Nf3 d6 3. d4 Nf6 4. Nc3 cxd4 5. Qxd4 a6 6. Be3 Nc6 7. Qb6 Qxb6 8.
Bxb6 Bg4 9. Be2 Rc8 10. O-O-O e6 11. Rhe1 Be7 12. Kb1 O-O 13. Nd4 Ne5 14. f3
Bh5 15. Nb3 Bg6 16. Bd4 Nc4 17. Bxc4 Rxc4 18. Na5 Rc7 19. e5 Nd5 20. Re2 Nxc3+
21. Bxc3 d5 22. Nb3 Rfc8 23. Nd4 Rc4 24. Ba5 Bc5 25. Nb3 Ba7 26. Bc3 b5 27. a3
Bb6 28. Rdd2 Rxc3 29. bxc3 Rxc3 30. Kb2 Rc4 31. c3 a5 32. Re1 h5 33. h3 h4 34.
Red1 Kh7 35. Nd4 b4 36. cxb4 axb4 37. a4 Kh6 38. Nb3 Kg5 39. a5 Be3 40. Re2 Kf4
41. a6 Ba7 42. Na5 Rc3 43. Ra1 Bd4 44. Ka2 Ra3# 0-1

[Event "XIV Festival A"]
[Site "Verona ITA"]
[Date "2008.01.03"]
[Round "3"]
[White "Adly, Ahmed"]
[Black "Genocchio, Daniele"]
[Result "1-0"]
[WhiteElo "2551"]
[BlackElo "2425"]
[PlyCount "57"]
[EventDate "2008.01.02"]

1. Nf3 g6 2. g3 Bg7 3. Bg2 e5 4. O-O e4 5. Ne1 Nf6 6. d3 exd3 7. Nxd3 O-O 8. c4
d5 9. Na3 c6 10. Bg5 Re8 11. cxd5 cxd5 12. Nb5 Nc6 13. Rc1 Bg4 14. Re1 h6 15.
Bf4 Re7 16. h3 Bf5 17. Nc5 a6 18. Nd6 Bc8 19. Ncxb7 Bxb7 20. Nxb7 Rxb7 21. Rxc6
Rxb2 22. Be5 Rb5 23. a4 Rb4 24. Qa1 Ne8 25. Rd1 Rc8 26. Bxd5 Kh7 27. Bxf7 Qxd1+
28. Qxd1 Rxc6 29. Bxe8 1-0

[Event "XIV Festival A"]
[Site "Verona ITA"]
[Date "2008.01.04"]
[Round "4"]
[White "Sanchez, Joseph"]
[Black "Adly, Ahmed"]
[Result "0-1"]
[WhiteElo "2492"]
[BlackElo "2551"]
[PlyCount "50"]
[EventDate "2008.01.02"]

1. e4 c5 2. Nf3 d6 3. d4 cxd4 4. Nxd4 Nf6 5. Nc3 a6 6. Be3 Ng4 7. Bc1 Nf6 8.
Be3 Ng4 9. Bc1 Nc6 10. Nb3 g6 11. f3 Nge5 12. Be3 Bg7 13. Qd2 Be6 14. Nd5 O-O
15. c4 f5 16. exf5 Rxf5 17. Be2 b5 18. cxb5 axb5 19. Nc1 Nc4 20. Bxc4 bxc4 21.
Nc3 d5 22. Bf2 d4 23. Ne4 Qa5 24. Ne2 Rb5 25. Rc1 Rxb2 0-1

[Event "XIV Festival A"]
[Site "Verona ITA"]
[Date "2008.01.05"]
[Round "5"]
[White "Adly, Ahmed"]
[Black "Piscopo, Pierluigi"]
[Result "1-0"]
[WhiteElo "2551"]
[BlackElo "2357"]
[PlyCount "77"]
[EventDate "2008.01.02"]

1. Nf3 Nf6 2. g3 g6 3. Bg2 Bg7 4. d4 b5 5. Ne5 c6 6. a4 bxa4 7. O-O O-O 8. c4
Bb7 9. Qxa4 d6 10. Nxc6 Nxc6 11. Bxc6 Bxc6 12. Qxc6 Rc8 13. Qa6 Qd7 14. Kg2 h5
15. f3 h4 16. Nc3 Rc7 17. Bf4 h3+ 18. Kh1 Rb8 19. Rab1 Rcb7 20. Qa2 Ne8 21. Be3
Nc7 22. b3 e5 23. dxe5 Bxe5 24. Ne4 Ne6 25. Rfd1 Qe7 26. Nf2 Kg7 27. Nxh3 Nc5
28. Bxc5 dxc5 29. Kg2 Rh8 30. e3 Rbb8 31. Rh1 Bc3 32. e4 Rbd8 33. Rbd1 Rd4 34.
Qc2 Bb4 35. Nf4 g5 36. Nd5 Qe5 37. Rxd4 Qxd4 38. Rd1 Qe5 39. Ne3 1-0

[Event "XIV Festival A"]
[Site "Verona ITA"]
[Date "2008.01.05"]
[Round "6"]
[White "Borgo, Giulio"]
[Black "Adly, Ahmed"]
[Result "1/2-1/2"]
[WhiteElo "2440"]
[BlackElo "2551"]
[PlyCount "32"]
[EventDate "2008.01.02"]

1. c4 e6 2. Nc3 d5 3. d4 Nf6 4. cxd5 exd5 5. Bg5 c6 6. e3 Nbd7 7. Bd3 Be7 8.
Qc2 O-O 9. Nf3 Re8 10. O-O Nf8 11. Rae1 Be6 12. Ne5 N6d7 13. Bxe7 Rxe7 14. f4
f6 15. Nf3 c5 16. Qf2 Qb6 1/2-1/2

[Event "XIV Festival A"]
[Site "Verona ITA"]
[Date "2008.01.05"]
[Round "6"]
[White "Genocchio, Daniele"]
[Black "Stojanovic, Mihajlo"]
[Result "1/2-1/2"]
[WhiteElo "2425"]
[BlackElo "2555"]
[PlyCount "112"]
[EventDate "2008.01.02"]

1. e4 e6 2. d3 d5 3. Nd2 Nc6 4. Ngf3 Nf6 5. c3 a5 6. Be2 e5 7. O-O Be7 8. Re1
O-O 9. Qc2 Re8 10. b3 b6 11. a3 Bd6 12. Nf1 h6 13. Ng3 Bb7 14. Rb1 Ne7 15. Nh4
Qd7 16. Bf3 Kh8 17. h3 Neg8 18. Nhf5 Bf8 19. Bb2 g6 20. Ne3 Bg7 21. b4 Ne7 22.
c4 d4 23. Nd5 Nfxd5 24. cxd5 axb4 25. axb4 c6 26. dxc6 Nxc6 27. Bc1 Na7 28. Bg4
Qe7 29. b5 h5 30. Bd1 Bc8 31. Qd2 Bd7 32. Ba4 Nc8 33. Qd1 Nd6 34. Ba3 Qf6 35.
Bxd6 Qxd6 36. Bb3 Kg8 37. Nf1 Ra5 38. Nd2 Bxb5 39. Qf3 Ra7 40. Bd5 Bh6 41. Rxb5
Bxd2 42. Re2 Bc3 43. Ra2 Ree7 44. Qd1 Ba5 45. Bc4 Qf6 46. g3 h4 47. Kg2 Kg7 48.
Ra4 Ra8 49. Qg4 Rc7 50. Rb1 Rh8 51. Rb2 Rh5 52. Rb5 Bd2 53. f4 Qd8 54. Rxe5
Rxe5 55. fxe5 hxg3 56. Ra6 Qe8 1/2-1/2

[Event "XIV Festival A"]
[Site "Verona ITA"]
[Date "2008.01.06"]
[Round "7"]
[White "Adly, Ahmed"]
[Black "Guido, Flavio"]
[Result "1/2-1/2"]
[WhiteElo "2551"]
[BlackElo "2318"]
[PlyCount "168"]
[EventDate "2008.01.02"]

1. d4 Nf6 2. Nf3 g6 3. c4 Bg7 4. g3 c6 5. Bg2 d5 6. cxd5 cxd5 7. O-O O-O 8. Nc3
Ne4 9. Ng5 Nxc3 10. bxc3 Nc6 11. e4 dxe4 12. Nxe4 Qa5 13. Qb3 Be6 14. Qxb7 Rab8
15. Qxc6 Rfc8 16. Nf6+ Bxf6 17. Qe4 Qxc3 18. Bf4 Qxd4 19. Bxb8 Qxe4 20. Bxe4
Bxa1 21. Bxa7 Bf6 22. a3 Bb2 23. h4 Bxa3 24. Be3 Rc4 25. Bb1 Bc5 26. Bxc5 Rxc5
27. Be4 Rc4 28. Bf3 Rc3 29. Kg2 h5 30. Ra1 Kg7 31. Ra5 Kf6 32. Ra6 Kg7 33. Rb6
Rc1 34. Rb7 Kf6 35. Rb6 Rc5 36. Ra6 Kg7 37. Ra7 Kf6 38. Ra6 Kg7 39. Ra7 Re5 40.
Rc7 Kf6 41. Rc6 Kg7 42. Rc7 Re1 43. Kh2 Rf1 44. Kg2 Re1 45. Kh2 Kf6 46. Kg2 Ra1
47. Rc6 Kg7 48. Rc7 Kf8 49. Rb7 Ra6 50. Rc7 Rd6 51. Ra7 Rd7 52. Ra5 Kg7 53. Be4
Bg4 54. Bf3 Be6 55. Rc5 Kf6 56. Ra5 Bf5 57. Ra6+ Rd6 58. Ra7 e5 59. Ra2 Rd4 60.
Rb2 Be6 61. Re2 Bc4 62. Re3 Rd3 63. Rxd3 Bxd3 64. Bd5 Bf5 65. Kf3 Be6 66. Be4
Ke7 67. Ke3 Bf5 68. Bd5 f6 69. Bb3 g5 70. Bd1 Bg6 71. Be2 Kd6 72. Bd1 Kc5 73.
Be2 Kd5 74. Bf1 Bf5 75. Be2 Bg6 76. Bb5 e4 77. f3 exf3 78. hxg5 fxg5 79. Kxf3
Ke5 80. Kf2 Bf5 81. Be2 h4 82. gxh4 gxh4 83. Kg2 Kf4 84. Kh2 Bg4 1/2-1/2

[Event "XIV Festival A"]
[Site "Verona ITA"]
[Date "2008.01.06"]
[Round "7"]
[White "Bernardi, Ruben"]
[Black "Mrdja, Milan"]
[Result "1/2-1/2"]
[WhiteElo "2116"]
[BlackElo "2370"]
[PlyCount "159"]
[EventDate "2008.01.02"]

1. e4 c5 2. Na3 Nc6 3. Bb5 Qc7 4. c3 Nf6 5. Qe2 a6 6. Bxc6 Qxc6 7. d3 b5 8. Nf3
Bb7 9. O-O d6 10. c4 e6 11. b3 Be7 12. Bb2 O-O 13. Rac1 b4 14. Nc2 a5 15. Ne3
a4 16. Rfe1 Rfe8 17. h3 Nd7 18. h4 Bf6 19. Ng4 Bxb2 20. Qxb2 Qc7 21. Qd2 f5 22.
Ngh2 fxe4 23. dxe4 e5 24. Rcd1 Ra6 25. Qg5 Nf8 26. Ng4 Kh8 27. Nd2 Ne6 28. Qe3
Nd4 29. Qg3 axb3 30. axb3 Ra2 31. Ne3 Rf8 32. Nd5 Qf7 33. Re3 Qh5 34. f3 h6 35.
Ne7 Kh7 36. Nf5 Rxf5 37. exf5 Nxf5 38. Qf2 Nxe3 39. Qxe3 Qxh4 40. Qd3+ Kg8 41.
Qxd6 Qd4+ 42. Qxd4 exd4 43. Kf1 h5 44. Ke2 Bc8 45. Rh1 g6 46. Rh4 Bf5 47. Rf4
Kg7 48. g4 hxg4 49. fxg4 Bc2 50. Rf3 g5 51. Rh3 Kg6 52. Ke1 Ra1+ 53. Kf2 Ra2
54. Ke1 Ra8 55. Nf3 Re8+ 56. Kd2 Be4 57. Kc1 Kf6 58. Rh6+ Bg6 59. Rh2 Re4 60.
Rg2 Be8 61. Nd2 Rf4 62. Re2 Bc6 63. Rh2 Bd7 64. Rh6+ Ke7 65. Rh7+ Kd6 66. Rg7
Bxg4 67. Rxg5 Bf5 68. Rg2 Rh4 69. Rf2 Rh1+ 70. Kb2 Rh5 71. Nf1 Rg5 72. Nd2 Bg6
73. Kc1 d3 74. Nf1 Be4 75. Kd2 Ke5 76. Ne3 Rh5 77. Ng4+ Ke6 78. Nf6 Rh4 79.
Nxe4 Rxe4 80. Kxd3 1/2-1/2

[Event "I Festival Costa Viola B"]
[Site "Bagnara Calabra ITA"]
[Date "2008.01.02"]
[Round "1"]
[White "Barbera, Giuseppe"]
[Black "Garofalo, Massimo"]
[Result "1/2-1/2"]
[WhiteElo "1492"]
[BlackElo "1745"]
[PlyCount "70"]
[EventDate "2008.01.02"]

1. e4 c5 2. c3 d6 3. Nf3 Nf6 4. Qc2 Nc6 5. Be2 g6 6. b3 Bg7 7. Bb2 O-O 8. O-O
Bg4 9. d3 Rc8 10. Ne1 Bxe2 11. Qxe2 e5 12. Nd2 Nh5 13. Qe3 Nf4 14. Rd1 Bh6 15.
Qf3 b5 16. g3 Nh5 17. Ng2 Qa5 18. a3 Qd8 19. Ne3 Nf6 20. Rfe1 Bg7 21. Ng4 Nxg4
22. Qxg4 a5 23. Nf1 h5 24. Qe2 Qd7 25. Ne3 Ne7 26. d4 exd4 27. cxd4 cxd4 28.
Bxd4 Bxd4 29. Rxd4 Rc3 30. Rd3 Rfc8 31. Red1 Rc1 32. Qd2 Rxd1+ 33. Qxd1 Qe6 34.
Rxd6 Qxe4 35. Rd8+ Rxd8 1/2-1/2

[Event "I Festival Costa Viola B"]
[Site "Bagnara Calabra ITA"]
[Date "2008.01.02"]
[Round "1"]
[White "Cannataro, Luciano"]
[Black "Musico', Guglielmo"]
[Result "0-1"]
[WhiteElo "1891"]
[BlackElo "1548"]
[PlyCount "98"]
[EventDate "2008.01.02"]

1. d4 g6 2. c4 Bg7 3. Nc3 d6 4. e4 Nf6 5. f3 O-O 6. Be3 Nbd7 7. Qd2 c5 8. d5
Ne5 9. O-O-O a6 10. Bh6 b5 11. Bxg7 Kxg7 12. f4 Nxc4 13. Bxc4 bxc4 14. e5 Nd7
15. Nf3 Qa5 16. h4 Nb6 17. h5 Na4 18. hxg6 fxg6 19. f5 Bxf5 20. e6 Rh8 21. Nxa4
Qxa4 22. Qc3+ Kg8 23. a3 Qb3 24. Qxb3 cxb3 25. Rh6 Bg4 26. Rd3 Bxf3 27. Rxf3
Kg7 28. Rh4 Rhf8 29. Rfh3 h5 30. g4 Rf1+ 31. Kd2 Rf2+ 32. Kc3 Rf4 33. gxh5 Rxh4
34. Rxh4 g5 35. Rh1 Rf8 36. h6+ Kh7 37. Kxb3 g4 38. Rg1 Rf3+ 39. Kc2 g3 40. Kd2
Kxh6 41. Ke2 Rb3 42. Kf1 Kg6 43. Kg2 Kf6 44. Re1 Rxb2+ 45. Kxg3 Rb3+ 46. Kf4
Rxa3 47. Rc1 Ra4+ 48. Ke3 Ke5 49. Kf3 a5 0-1

[Event "I Festival Costa Viola B"]
[Site "Bagnara Calabra ITA"]
[Date "2008.01.02"]
[Round "1"]
[White "Familari, Giuseppe"]
[Black "Fariselli, Umberto"]
[Result "1-0"]
[WhiteElo "1765"]
[BlackElo "1512"]
[PlyCount "90"]
[EventDate "2008.01.02"]

1. d4 d5 2. Bg5 c6 3. e3 Bf5 4. Nf3 Nd7 5. Bd3 Bg4 6. Nbd2 Ngf6 7. h3 Bh5 8. c3
h6 9. Bf4 e6 10. O-O Be7 11. Re1 Bxf3 12. Qxf3 O-O 13. e4 dxe4 14. Nxe4 Nxe4
15. Bxe4 Bg5 16. Bg3 Nf6 17. Bc2 Nd5 18. Qd3 g6 19. Rxe6 Bf6 20. Re2 Kg7 21.
Rae1 Qd7 22. a3 Rac8 23. c4 Ne7 24. Be5 Bxe5 25. Rxe5 Nf5 26. d5 cxd5 27. Rxd5
Qc6 28. Qc3+ Kh7 29. Rxf5 Qxc4 30. Rf3 Qxc3 31. bxc3 Rc7 32. Kf1 b6 33. Bb3 Kg7
34. Rfe3 Rfc8 35. Re7 Kf8 36. Rxc7 Rxc7 37. Re3 Kg7 38. Ke2 h5 39. Bd5 Kf8 40.
Kd3 Rd7 41. Kd4 Re7 42. Rxe7 Kxe7 43. f4 f6 44. Ke4 Kd6 45. Bf7 g5 1-0

[Event "I Festival Costa Viola B"]
[Site "Bagnara Calabra ITA"]
[Date "2008.01.02"]
[Round "1"]
[White "Gad, Alessandro"]
[Black "Rizzuti, Pasquale"]
[Result "0-1"]
[WhiteElo "1533"]
[BlackElo "1832"]
[PlyCount "56"]
[EventDate "2008.01.02"]

1. Nf3 d5 2. b3 Nf6 3. Bb2 Nc6 4. e3 a6 5. Be2 Bf5 6. O-O e6 7. a3 Be7 8. d4
O-O 9. Nbd2 h6 10. Ne5 Nxe5 11. dxe5 Nd7 12. f4 c5 13. c4 Nb6 14. cxd5 Nxd5 15.
Kf2 Bh7 16. g3 b5 17. e4 Nb6 18. Kg1 Qc7 19. Rc1 Rfd8 20. Qe1 Qb7 21. f5 Bg5
22. fxe6 Be3+ 23. Kg2 Bxd2 24. exf7+ Kf8 25. Qf2 Bxe4+ 26. Kg1 Nd5 27. Qxc5+
Qe7 28. Qxe7+ Kxe7 0-1

[Event "I Festival Costa Viola B"]
[Site "Bagnara Calabra ITA"]
[Date "2008.01.02"]
[Round "1"]
[White "Levato, Biagio"]
[Black "Tricomi, Massimo"]
[Result "0-1"]
[WhiteElo "1537"]
[BlackElo "1888"]
[PlyCount "82"]
[EventDate "2008.01.02"]

1. e4 d5 2. exd5 Nf6 3. Nc3 Nxd5 4. Nxd5 Qxd5 5. Nf3 Bg4 6. Be2 Nc6 7. O-O
O-O-O 8. c3 e5 9. d4 exd4 10. cxd4 Bxf3 11. Bxf3 Qxd4 12. Be3 Qxb2 13. Bg4+ Kb8
14. Qa4 Qb4 15. Qxb4 Bxb4 16. Rab1 Bd2 17. Bf3 Bxe3 18. Bxc6 Bb6 19. Bf3 Rd2
20. a4 a5 21. h4 Rhd8 22. h5 Ra2 23. Bd1 Rdd2 24. Bb3 Bxf2+ 25. Rxf2 Rxf2 26.
Bxa2 Rxa2 27. Re1 Kc8 28. Re8+ Kd7 29. Rg8 Ke7 30. Rxg7 Rxa4 31. Rxh7 Rh4 32.
g3 Rg4 33. Kf2 a4 34. Kf3 Rg8 35. g4 a3 36. Kf4 a2 37. g5 a1=Q 38. g6 Qf6+ 39.
Ke4 Rxg6 40. Rxf7+ Qxf7 41. hxg6 Qxg6+ 0-1

[Event "I Festival Costa Viola B"]
[Site "Bagnara Calabra ITA"]
[Date "2008.01.02"]
[Round "1"]
[White "Luvera', Filippo"]
[Black "Mileo, Miguelito"]
[Result "1-0"]
[WhiteElo "1850"]
[BlackElo "1536"]
[PlyCount "88"]
[EventDate "2008.01.02"]

1. e4 c5 2. c3 d6 3. d4 cxd4 4. cxd4 Nf6 5. Nc3 a6 6. Nf3 b5 7. a3 e6 8. Bd3
Bb7 9. O-O Nbd7 10. Bf4 Nb6 11. Qe2 Be7 12. Rfe1 O-O 13. Rac1 Rc8 14. h3 Re8
15. Red1 g6 16. Bh6 Bf8 17. Bxf8 Rxf8 18. Qe3 Kg7 19. b3 Re8 20. Nh2 Nbd7 21.
e5 dxe5 22. dxe5 Nd5 23. Nxd5 exd5 24. Ng4 g5 25. Rxc8 Bxc8 26. Qd4 Qb6 27.
Qxd5 Nxe5 28. Nxe5 Qc7 29. Nf3 f6 30. Bb1 Be6 31. Qd3 Kg8 32. Qd6 Qc3 33. Re1
Bf7 34. Rxe8+ Bxe8 35. Bxh7+ Kxh7 36. Qe7+ Kh6 37. Qf8+ Kh7 38. Qxe8 Qc1+ 39.
Ne1 Qc3 40. Qe3 b4 41. Qxc3 bxc3 42. Nc2 f5 43. Kf1 Kg6 44. Ke2 g4 1-0

[Event "I Festival Costa Viola B"]
[Site "Bagnara Calabra ITA"]
[Date "2008.01.02"]
[Round "1"]
[White "Mercuri, Delia"]
[Black "Altomonte, Giuseppe"]
[Result "0-1"]
[WhiteElo "1448"]
[BlackElo "1734"]
[PlyCount "96"]
[EventDate "2008.01.02"]

1. e4 c5 2. c3 d5 3. exd5 Qxd5 4. Nf3 Nc6 5. d4 Bg4 6. Be2 e6 7. Be3 cxd4 8.
cxd4 Nf6 9. Nc3 Bb4 10. O-O Qh5 11. Rc1 Bd6 12. Nb5 Bb8 13. Rc5 Nd5 14. h3 Bxh3
15. Ne5 Nxe3 16. Bxh5 Nxd1 17. Rxd1 Bxe5 18. dxe5 Bf5 19. Nc7+ Ke7 20. Nxa8
Rxa8 21. f4 g5 22. g4 Be4 23. Rc4 Bd5 24. Ra4 gxf4 25. Rxf4 Nxe5 26. b3 Rc8 27.
Rf2 Rc3 28. Kh2 f6 29. b4 Rc4 30. a3 Nxg4+ 31. Bxg4 Rxg4 32. Rd3 f5 33. Rh3 Rg7
34. Rg3 Rxg3 35. Kxg3 Kf6 36. Rh2 Ke5 37. Rxh7 f4+ 38. Kf2 Kd4 39. Rc7 e5 40.
a4 e4 41. a5 e3+ 42. Ke1 f3 43. Rc1 Bc4 44. Rd1+ Kc3 45. Rc1+ Kxb4 46. Rb1+
Kxa5 47. Rxb7 f2+ 48. Kd1 f1=Q+ 0-1

[Event "I Festival Costa Viola B"]
[Site "Bagnara Calabra ITA"]
[Date "2008.01.02"]
[Round "1"]
[White "Mercurio, Rosario"]
[Black "Carbone, Stefano"]
[Result "0-1"]
[WhiteElo "1405"]
[BlackElo "1569"]
[PlyCount "68"]
[EventDate "2008.01.02"]

1. c4 c5 2. Nc3 g6 3. e3 Bg7 4. d4 cxd4 5. exd4 d6 6. Nf3 Nf6 7. g3 O-O 8. Bg2
Qc7 9. b3 a6 10. O-O Bf5 11. Bb2 Nc6 12. a3 e6 13. Rc1 d5 14. Ba1 Bh6 15. Nd2
dxc4 16. d5 Nxd5 17. Nxd5 exd5 18. bxc4 dxc4 19. Nxc4 Rad8 20. Qe1 Bxc1 21.
Qxc1 Nd4 22. Kh1 b5 23. Qh6 bxc4 24. Rd1 Qc5 25. Qg5 Ne6 26. Qc1 Rxd1+ 27. Qxd1
Rd8 28. Qa4 Qxf2 29. Bc3 Qe2 30. h3 Qd1+ 31. Qxd1 Rxd1+ 32. Kh2 Rc1 33. Bd2 Rc2
34. Bb4 Be4 0-1

[Event "I Festival Costa Viola B"]
[Site "Bagnara Calabra ITA"]
[Date "2008.01.02"]
[Round "1"]
[White "Rametta, Marcello"]
[Black "Alvaro, Francesco"]
[Result "1-0"]
[WhiteElo "1741"]
[BlackElo "1488"]
[PlyCount "107"]
[EventDate "2008.01.02"]

1. e4 e5 2. Bc4 Nf6 3. d3 c6 4. Nf3 d5 5. exd5 cxd5 6. Bb5+ Bd7 7. Bxd7+ Nbxd7
8. O-O Be7 9. Re1 Qc7 10. Bg5 O-O 11. c3 Bd6 12. Nbd2 Rfe8 13. Nh4 e4 14. g3
Re5 15. Bf4 Re6 16. Bxd6 Rxd6 17. dxe4 dxe4 18. Qc2 Nc5 19. Nf5 Rd7 20. Re2 Re8
21. Nc4 Nd3 22. Nce3 g6 23. Nd4 Qb6 24. Rb1 Rc7 25. Qa4 Rec8 26. Qb5 Qd6 27.
Qg5 Qb6 28. Ng4 Nxg4 29. Qxg4 Rxc3 30. bxc3 Qxb1+ 31. Kg2 Rxc3 32. Rxe4 Kf8 33.
Qh4 Rc8 34. Qxh7 Ne1+ 35. Rxe1 Qxe1 36. Qh8+ Ke7 37. Qxc8 Qe4+ 38. Nf3 a6 39.
Qc5+ Kf6 40. h4 b5 41. Qb6+ Qe6 42. Qd4+ Ke7 43. Qe5 b4 44. Qxe6+ Kxe6 45. Ng5+
Kf6 46. Kf3 a5 47. Ke3 Ke5 48. Nxf7+ Kd5 49. Kd3 a4 50. Ng5 Kc5 51. Ne4+ Kb5
52. f4 b3 53. axb3 axb3 54. Kc3 1-0

[Event "I Festival Costa Viola B"]
[Site "Bagnara Calabra ITA"]
[Date "2008.01.03"]
[Round "2"]
[White "Altomonte, Giuseppe"]
[Black "Vasta, Gianfranco"]
[Result "1-0"]
[WhiteElo "1734"]
[BlackElo "1712"]
[PlyCount "105"]
[EventDate "2008.01.02"]

1. d4 Nf6 2. c4 b6 3. Nf3 Bb7 4. Nc3 e6 5. Bg5 Be7 6. e3 O-O 7. Bd3 d6 8. Qc2
Nbd7 9. e4 e5 10. O-O Nh5 11. Bxe7 Qxe7 12. Rfe1 c6 13. Rad1 Nf4 14. g3 Nh3+
15. Kg2 Ng5 16. Nxg5 Qxg5 17. d5 c5 18. Rf1 Bc8 19. f4 Qh6 20. f5 Nf6 21. Qd2
g5 22. h4 Ng4 23. Rh1 gxh4 24. Qxh6 Nxh6 25. Rxh4 Kg7 26. Rdh1 Ng8 27. Rxh7+
Kf6 28. Kf3 Ke7 29. g4 Nf6 30. Rh8 Bd7 31. Rxf8 Rxf8 32. g5 Ng8 33. Rh7 Kd8 34.
f6 a6 35. a4 Kc7 36. Kg3 Kd8 37. Be2 Kc7 38. Bg4 Be8 39. Bf5 Bd7 40. Bxd7 Kxd7
41. Kg4 Ke8 42. Kf5 Kd7 43. Kg4 Ke8 44. Ne2 Kd7 45. Ng3 Kd8 46. Nf5 Kd7 47. Nh6
Nxh6+ 48. gxh6 Ke8 49. Rg7 Rh8 50. h7 Kf8 51. Kg5 a5 52. Kh6 Rxh7+ 53. Kxh7 1-0

[Event "I Festival Costa Viola B"]
[Site "Bagnara Calabra ITA"]
[Date "2008.01.03"]
[Round "2"]
[White "Carbone, Stefano"]
[Black "Rametta, Marcello"]
[Result "1/2-1/2"]
[WhiteElo "1569"]
[BlackElo "1741"]
[PlyCount "58"]
[EventDate "2008.01.02"]

1. e4 c5 2. Nf3 Nc6 3. d4 cxd4 4. Nxd4 Nxd4 5. Qxd4 e6 6. Nc3 a6 7. a4 d6 8.
Be2 Nf6 9. Be3 Be7 10. O-O O-O 11. f4 d5 12. Rad1 dxe4 13. Qc4 Qa5 14. Nxe4 Nd5
15. Rd3 Bd7 16. Bd2 Qxa4 17. Qxa4 Bxa4 18. b3 Bc6 19. c4 Nb4 20. Bxb4 Bxb4 21.
Ng3 Rad8 22. Rfd1 Rxd3 23. Bxd3 Bc5+ 24. Kf1 Be3 25. f5 e5 26. Be4 Bd4 27. Bxc6
bxc6 28. Ne2 c5 29. Nxd4 cxd4 1/2-1/2

[Event "I Festival Costa Viola B"]
[Site "Bagnara Calabra ITA"]
[Date "2008.01.03"]
[Round "2"]
[White "Ceravolo, Alberto"]
[Black "Luvera', Filippo"]
[Result "0-1"]
[WhiteElo "1652"]
[BlackElo "1850"]
[PlyCount "48"]
[EventDate "2008.01.02"]

1. d4 Nf6 2. c4 e6 3. Nc3 Bb4 4. Bg5 O-O 5. e3 h6 6. Bh4 d5 7. Bd3 c5 8. Nge2
cxd4 9. Nxd4 e5 10. Nc2 Bxc3+ 11. bxc3 dxc4 12. Bxc4 Qxd1+ 13. Rxd1 Ne4 14. Rd5
Nc6 15. O-O Be6 16. Nb4 Nxc3 17. Nxc6 Nxd5 18. Bxd5 bxc6 19. Bxc6 Rac8 20. Ba4
Rc4 21. Be7 Rxa4 22. Bxf8 Kxf8 23. Ra1 Rxa2 24. Rxa2 Bxa2 0-1

[Event "I Festival Costa Viola B"]
[Site "Bagnara Calabra ITA"]
[Date "2008.01.03"]
[Round "2"]
[White "Garofalo, Massimo"]
[Black "Mercuri, Delia"]
[Result "1/2-1/2"]
[WhiteElo "1745"]
[BlackElo "1448"]
[PlyCount "69"]
[EventDate "2008.01.02"]

1. e4 e5 2. Nf3 Nf6 3. Nc3 d5 4. exd5 Nxd5 5. Nxe5 Nxc3 6. bxc3 Qe7 7. Qe2 g6
8. Nc4 Be6 9. Ne3 Bg7 10. Rb1 c6 11. a4 O-O 12. g3 Re8 13. Bg2 Qd7 14. O-O Na6
15. Ba3 Rab8 16. d4 Nc7 17. Qd3 f5 18. f4 a6 19. Nc4 Bxc4 20. Qxc4+ Kh8 21.
Rfe1 Nd5 22. Bxd5 cxd5 23. Qb3 Re4 24. Kf2 b5 25. axb5 Rxb5 26. Qa2 Qe6 27.
Rxe4 fxe4 28. Bc5 h5 29. Rxb5 axb5 30. Qa8+ Kh7 31. Qb7 Qg4 32. Bf8 Qf3+ 33.
Kg1 Qd1+ 34. Kg2 Qf3+ 35. Kg1 1/2-1/2

[Event "I Festival Costa Viola B"]
[Site "Bagnara Calabra ITA"]
[Date "2008.01.03"]
[Round "2"]
[White "Mileo, Miguelito"]
[Black "Barbera, Giuseppe"]
[Result "1/2-1/2"]
[WhiteElo "1536"]
[BlackElo "1492"]
[PlyCount "147"]
[EventDate "2008.01.02"]

1. e4 c5 2. Nf3 Nc6 3. Bc4 e6 4. O-O Nge7 5. d4 cxd4 6. Nxd4 Ng6 7. a3 Be7 8.
b4 O-O 9. f4 d5 10. Nxc6 bxc6 11. Bd3 dxe4 12. Bxe4 Ba6 13. Qxd8 Raxd8 14. Bd3
Bxd3 15. cxd3 Rxd3 16. Bb2 Rfd8 17. g3 Rd1 18. Nc3 Rxf1+ 19. Rxf1 Bf6 20. Ba1
Rd3 21. Ne4 Bxa1 22. Rxa1 Ne7 23. Nc5 Rd2 24. a4 Nf5 25. b5 Rd5 26. Rc1 cxb5
27. axb5 g6 28. Kg2 Nd6 29. Nd7 Kg7 30. b6 axb6 31. Nxb6 Rd2+ 32. Kh3 Ne4 33.
Nc4 Ra2 34. g4 h6 35. Rg1 Nc3 36. Rg2 Ra4 37. Nd6 Rxf4 38. Rc2 Nd5 39. Kg3 g5
40. Rc8 Ne3 41. h3 Nd5 42. Ne8+ Kh7 43. Nd6 Nf6 44. Rc7 Ne4+ 45. Nxe4 Rxe4 46.
Rxf7+ Kg6 47. Rf8 e5 48. Rf3 Re1 49. Kf2 Re4 50. Kg3 h5 51. Rf8 h4+ 52. Kg2 Re3
53. Rg8+ Kf6 54. Rf8+ Kg7 55. Rf5 Rg3+ 56. Kf2 Rxh3 57. Rxg5+ Kf6 58. Rf5+ Ke6
59. Rh5 e4 60. Rh6+ Kf7 61. Rh5 e3+ 62. Ke2 Kf6 63. Rf5+ Kg6 64. Rh5 Kf6 65.
Rf5+ Kg6 66. Rh5 Kg7 67. Re5 Rg3 68. Rxe3 Rxg4 69. Kf2 Kg6 70. Re1 Kf5 71. Rg1
h3 72. Rxg4 Kxg4 73. Kg1 Kg3 74. Kh1 1/2-1/2

[Event "I Festival Costa Viola B"]
[Site "Bagnara Calabra ITA"]
[Date "2008.01.03"]
[Round "2"]
[White "Musico', Guglielmo"]
[Black "Zampaglione, Francesco"]
[Result "1-0"]
[WhiteElo "1548"]
[BlackElo "1374"]
[PlyCount "62"]
[EventDate "2008.01.02"]

1. d4 d5 2. c4 Nf6 3. Nc3 e6 4. Nf3 Be7 5. Bg5 O-O 6. a3 b6 7. e3 Nbd7 8. Be2
Bb7 9. O-O c5 10. Rc1 a6 11. Qb3 Qc7 12. Bf4 Bd6 13. Bxd6 Qxd6 14. Nd2 Rfe8 15.
Bf3 e5 16. Nxd5 Bxd5 17. Bxd5 Nxd5 18. cxd5 exd4 19. exd4 cxd4 20. Rc6 Qf4 21.
Nf3 b5 22. Rd1 Ne5 23. Nxe5 Qxe5 24. g3 Rec8 25. Rdc1 Rxc6 26. Rxc6 g6 27. d6
Qe8 28. Kg2 Qe4+ 29. Qf3 Qxf3+ 30. Kxf3 f5 31. d7 Rd8 1-0